Life at the top.

Saved in:
Bibliographic Details
Main Author: Braine, John, 1922-1986
Format: Book
Language:English
Published: London : Eyre & Spottiswoode, 1962.
LEADER 00722nam a2200205 i 4500
001 c000000254
003 CARM
005 00000000000000.0
008 830225s1962 00000 eng d
019 1 |a 2465047  |z 25064495  |z 27502539  |5 LACONCORD2021 
035 |a (OCoLC)544593  |5 LACONCORD2021 
050 0 0 |a PR6003.R5L5 
100 1 |a Braine, John,  |d 1922-1986. 
245 1 0 |a Life at the top. 
260 |a London :  |b Eyre & Spottiswoode,  |c 1962. 
300 |a 287 p ;  |c 19 cm. 
852 8 |b CARM  |h A2:AK07G0  |i A02580  |p 0139431  |f BK 
082 0 4 |a 823.914 
999 f f |i 510293df-f3d0-5905-a5fb-65f790d11b43  |s 585e0599-0313-5cc0-b18f-1be0f412ead4 
952 f f |p Can circulate  |a CAVAL  |b CAVAL  |c CAVAL  |d CARM 1 Store  |e A02580  |f A2:AK07G0  |h Other scheme  |i book  |m 0139431